000 00466nam a2200181Ia 4500
005 20240717025125.0
008 240331s9999 xx 000 0 und d
020 _a8187218142
082 _a200
_bMAT
100 _aMathiew,P.D
245 0 _aFreedom of religion and a "Debate" on religious conversion
260 _aNew Delhi
_bIndian Social Institute
_c2002
300 _aiv, 117 p .,
650 _aSocial
650 _aEconomic
650 _aPolitical
942 _cL
999 _c774
_d774